000 00740nam a2200241Ia 4500
003 OSt
005 20220923220004.0
006 a|||||r|||| 00| 0
007 ta
008 220922b |||||||| |||| 00| 0 hin d
024 _a183,385
037 _cTextual
040 _aARTS
_cARTS
_bhin
041 _2hin
_ahin
082 _aO152,1N58x, N2
100 _aशुक्ल, नवल
245 0 _aदसों दिशाओं में
246 _aDasoan dishāoan mean
260 _aहरियाणा
_b आधार प्रकाशन
_c1992
650 _aहिन्दी साहित्य
_9156264
942 _hO152,1N58x, N2
_cTEXL
_2CC
999 _c336721
_d336721